|
|
|
|
| LEADER |
00000cam a2200000 a 4500 |
| 001 |
vtls001320696 |
| 003 |
SK-MaSNL |
| 005 |
20260301114118.0 |
| 008 |
160208s1997 xo a r 00000 slo |
| 015 |
|
|
|a SNBA1998/05-01839
|
| 020 |
|
|
|a 8088828090
|
| 035 |
|
|
|a SNK000273330
|
| 035 |
|
|
|a urn:nbn:sk:snk-amkh9r
|
| 035 |
|
|
|a urn:nbn:sk:snk-am008gek
|
| 035 |
|
|
|a 73DA99D8-9279-4960-9010-8C0EFF269AD5
|
| 040 |
|
|
|a SNK
|b slo
|c SNK
|e AACR2
|
| 041 |
0 |
|
|a slo
|
| 044 |
|
|
|a xo
|c SK
|
| 080 |
|
|
|a 61-05:929
|2 1981
|
| 080 |
|
|
|a 929 Praslička, Milan
|2 1981
|
| 100 |
1 |
|
|a Praslička, Milan,
|d 1923-1985
|4 aut
|9 37145
|
| 245 |
1 |
0 |
|a Odkaz od zeme k hviezdam
|b výber zo spomienok a diela k nedožitým 75. narodeninám ...
|c Milan Praslička
|
| 250 |
|
|
|a 1. vyd.
|
| 260 |
|
|
|a Košice
|b Oriens
|c 1997
|
| 300 |
|
|
|a 255 s.
|b fotogr.
|c 24 cm
|
| 500 |
|
|
|a Fotogr. na front.
|
| 504 |
|
|
|a Bibliogr. s. 227-242. Res. angl.
|
| 600 |
1 |
7 |
|a Praslička, Milan,
|d 1923-1985
|2 SNKMA
|9 37145
|
| 655 |
|
7 |
|a spomienky
|2 SNKPH
|9 29509
|
| 919 |
|
|
|a 80-88828-09-0
|
| 958 |
|
|
|a TL
|
| 958 |
|
|
|a NB
|
| 958 |
|
|
|a BX
|
| 999 |
|
|
|c 717138
|d 719068
|
| 952 |
|
|
|t P60, <03>, [BOOK], {603}
|a SNK
|b SNK
|y PREZ
|7 0
|p 17A0122631
|o snkSC 95060
|i snkKSP 1687/98
|0 0
|1 0
|4 0
|d 1998-02-13
|f 1
|l 0
|r 2025-09-12 00:00:00
|w 2026-02-23
|
| 952 |
|
|
|t P60, <04>, [BOOK], {604}
|a SNK
|b SNK
|y VYP
|7 0
|p 17A0122632
|o snkSC 95060 D1
|i snkKSP 1688/98
|0 0
|1 0
|4 0
|d 1998-02-13
|l 0
|r 2005-01-02 00:00:00
|w 2026-02-23
|